000 00565nam a2200181Ia 4500
008 100920s9999 xx 000 0 und d
082 _b38032
_a520 थ 77
100 _aसोवनी रा. वि.
245 _aकन्सल्ंटिग रूम.
260 _bकानिटकर मा.रा.,पुणे.
_c1977
300 _a92
_bसाधी
365 _b5
520 _aशाअ.
630 _aकन्सल्ंटिग रूम.
650 _aशाअ.
730 _aकन्सल्ंटिग रूम.
942 _cBOOK
999 _c690308
_d690305